Ayodhya : (Record no. 29333)

MARC details
000 -LEADER
fixed length control field 01159nam a2200289 a 4500
005 - DATE AND TIME OF LATEST TRANSACTION
control field 20090820144734.0
008 - FIXED-LENGTH DATA ELEMENTS--GENERAL INFORMATION
fixed length control field 080109s2007 ii a b 000 0 eng
010 ## - LCCN (DPL NO)
LC control number ENG-94770
020 ## - INTERNATIONAL STANDARD BOOK NUMBER
International Standard Book Number 9788189487317
Terms of availability 250.00
035 ## - SYSTEM CONTROL NUMBER
System control number EN-78303
037 ## - SOURCE OF ACQUISITION
Source of stock number/acquisition DBAD / PUB
040 ## - CATALOGING SOURCE
Original cataloging agency dpl
Language of cataloging English
082 ## - DEWEY DECIMAL CLASSIFICATION NUMBER
Classification number 954.13
100 ## - MAIN ENTRY--PERSONAL NAME
Personal name Mandal, D.
Fuller form of name (Dhaneshwar)
245 ## - TITLE STATEMENT
Title Ayodhya :
Remainder of title archaeology after excavation /
Statement of responsibility, etc by D. Mandal [and] Shereen Ratnagar
246 ## - VARYING FORM OF TITLE
Title proper/short title Archaeology after excavation
260 ## - PUBLICATION, DISTRIBUTION, ETC. (IMPRINT)
Place of publication, distribution, etc New Delhi
Name of publisher, distributor, etc Tulika Books
Date of publication, distribution, etc 2007
270 ## - ADDRESS
Address 35 A/1, (third floor), Shahpur Jat,
City New Delhi
Postal code 110049
300 ## - PHYSICAL DESCRIPTION
Extent xi, 136 p. :
Other physical details ill.
Dimensions 25cm(pbk)
500 ## - GENERAL NOTE
General note Includes bibliographical references
610 ## - SUBJECT ADDED ENTRY--CORPORATE NAME
Corporate name or jurisdiction name as entry element Babari Masjid (Faizabad, India)
General subdivision History.
650 ## - SUBJECT ADDED ENTRY--TOPICAL TERM
Topical term or geographic name as entry element Excavations (Archaeology)
Geographic subdivision India
-- Ayodhya (Faizabad)
651 ## - SUBJECT ADDED ENTRY--GEOGRAPHIC NAME
Geographic name Ayodhya (Faizabad, India)
General subdivision Antiquities.
700 ## - ADDED ENTRY--PERSONAL NAME
Personal name Ratnagar, Shereen
942 ## - ADDED ENTRY ELEMENTS (KOHA)
Source of classification or shelving scheme Dewey Decimal Classification
Item type English Books
Call number suffix MAN
Classification part 954.13
Holdings
Withdrawn status Lost status Source of classification or shelving scheme Damaged status Not for loan Collection code Home library Current library Date acquired Source of acquisition Cost, normal purchase price Total Checkouts Full call number Barcode Date last seen Copy number Cost, replacement price Koha item type
    Dewey Decimal Classification   Not For Loan Non-fiction D.B.Act.Division D.B.Act.Division 20/08/2009 DBAD / PUB 250.00   954.13 MAN EN-78303 20/08/2009 1 250.00 English Books

© Delhi Public Library
Hit Counter
free hit counter